<?xml version="1.0" encoding="UTF-8"?>
<marc:record xmlns:marc="http://www.loc.gov/MARC21/slim">
   <marc:leader>00000nam a2200000 a 4500</marc:leader>
   <marc:datafield ind1="1" ind2=" " tag="100">
      <marc:subfield code="a">Erlbruch, Wolf</marc:subfield>
      <marc:subfield code="4">aut</marc:subfield>
      <marc:subfield code="e">Verfasser/-in</marc:subfield>
   </marc:datafield>
   <marc:datafield ind1=" " ind2=" " tag="653">
      <marc:subfield code="a">Bilderbuch</marc:subfield>
   </marc:datafield>
   <marc:datafield ind1=" " ind2=" " tag="653">
      <marc:subfield code="a">Tod</marc:subfield>
   </marc:datafield>
   <marc:datafield ind1=" " ind2=" " tag="653">
      <marc:subfield code="a">Sterben</marc:subfield>
   </marc:datafield>
   <marc:datafield ind1=" " ind2=" " tag="653">
      <marc:subfield code="a">Trost</marc:subfield>
   </marc:datafield>
   <marc:datafield ind1=" " ind2=" " tag="653">
      <marc:subfield code="a">Ente</marc:subfield>
   </marc:datafield>
   <marc:datafield ind1=" " ind2=" " tag="653">
      <marc:subfield code="a">Todesbewusstsein</marc:subfield>
   </marc:datafield>
   <marc:datafield ind1=" " ind2=" " tag="653">
      <marc:subfield code="a">Tod &lt;Fiktive Gestalt&gt;</marc:subfield>
   </marc:datafield>
   <marc:datafield ind1="0" ind2="0" tag="245">
      <marc:subfield code="a">Ente, Tod und Tulpe</marc:subfield>
   </marc:datafield>
   <marc:datafield ind1=" " ind2="1" tag="264">
      <marc:subfield code="b">Kunstmann</marc:subfield>
      <marc:subfield code="c">2007</marc:subfield>
   </marc:datafield>
   <marc:datafield ind1="1" ind2=" " tag="520">
      <marc:subfield code="a">Irgendwann stellt jedes Kind die Frage nach dem Tod. Ganz unbefangen. Alle Eltern wissen das und haben selten eine unbefangene Antwort parat. So selbstverständlich der Tod im Leben ist, so selbstverständlich gehört er ins Kinderbuch.
In Wolf Erlbruchs Ente, Tod und Tulpe ist der Tod ein leichtfüßiger Begleiter, schon immer da, man merkt’s nur nicht: 
Schon länger hatte die Ente so ein Gefühl.
'Wer bist du – und was schleichst du hinter mir her?'
'Schön, dass du mich endlich bemerkst', sagte der Tod. 'Ich bin der Tod.'
Die Ente erschrak. Das konnte man ihr nicht übel nehmen.
'Und jetzt kommst du mich holen?'
'Ich bin schon in deiner Nähe, so lange du lebst – nur für den Fall.'
'Für den Fall?' fragte die Ente.
'Na, falls dir etwas zustößt. Ein schlimmer Schnupfen, ein Unfall, man weiß nie.' … </marc:subfield>
   </marc:datafield>
   <marc:datafield ind1=" " ind2=" " tag="020">
      <marc:subfield code="a">9783888974618</marc:subfield>
      <marc:subfield code="9">9783888974618</marc:subfield>
   </marc:datafield>
</marc:record>
